书目信息 |
| 题名: |
大高手
|
|
| 作者: | 王涛 , 李平 编著 | |
| 分册: | ||
| 出版信息: | 北京 北京体育大学出版社 2002 |
|
| 页数: | 241页 | |
| 开本: | 24cm | |
| 丛书名: | ||
| 单 册: | ||
| 中图分类: | K825.47 | |
| 科图分类: | ||
| 主题词: | ||
| 电子资源: | ||
| ISBN: | 7-81051-826-7 | |
| 000 | 00951nam0 2200253 45 | |
| 001 | 002304447 | |
| 005 | 20041222172230.2 | |
| 010 | @a7-81051-826-7@dCNY32.00 | |
| 100 | @a20030218d2002 em y0chiy0110 ea | |
| 101 | 0 | @achi |
| 102 | @aCN@b110000 | |
| 105 | @aa z 000yd | |
| 200 | 1 | @a大高手@ADa Gao Shou@e超级散打王柳海龙武功实录@EChao Ji San Da Wang LiuHai Long Wu Gong Shi Lu@f王涛,李平编著@FWang Tao,Li Ping Bian Zhu |
| 210 | @a北京@c北京体育大学出版社@d2002 | |
| 215 | @a241页@c照片@d24cm | |
| 300 | @a附录:网住一条大龙 | |
| 330 | @a本书全景展现“中国散打第一人”征战中外武林、称雄国际擂台的风云历程;图解写实了当今中国散打巅峰人物柳海龙,充分体验散打英雄的壮怀激情。 | |
| 517 | @a超级散打王柳海龙武功实录@AChao Ji San Da Wang Liu Hai Long Wu Gong ShiLu | |
| 600 | 0 | @a柳海龙@x生平事迹 |
| 690 | @aK825.47@v4 | |
| 701 | 0 | @a王涛@4编著 |
| 701 | 0 | @a李平@4编著 |
| 801 | 0 | @aCN@bNLC@c20030422 |
| 905 | @b340168-172@dK825.47@e337WT@f5 | |
| 大高手:超级散打王柳海龙武功实录/王涛,李平编著.-北京:北京体育大学出版社,2002 |
| 241页:照片;24cm |
| 附录:网住一条大龙 |
| ISBN 7-81051-826-7:CNY32.00 |
| 本书全景展现“中国散打第一人”征战中外武林、称雄国际擂台的风云历程;图解写实了当今中国散打巅峰人物柳海龙,充分体验散打英雄的壮怀激情。 |
| ● |
| 相关链接 |
|
|
|
|
正题名:大高手
索取号:K825.47/337WT
 
预约/预借
| 序号 | 登录号 | 条形码 | 馆藏地/架位号 | 状态 | 备注 |
| 1 | 0340168 | 203401684 | 第二样本阅览室/ [索取号:K825.47/337WT] | 在馆 | |
| 2 | 0340169 | 203401693 | 第二借阅区/ [索取号:K825.47/337WT] | 在馆 | |
| 3 | 0340170 | 203401700 | 第二借阅区/ [索取号:K825.47/337WT] | 在馆 | |
| 4 | 0340171 | 203401719 | 第二借阅区/ [索取号:K825.47/337WT] | 在馆 | |
| 5 | 0340172 | 203401728 | 第二借阅区/ [索取号:K825.47/337WT] | 在馆 |